Comprehensive Textbook of Midwifery and Gynaecological Nursing (Record no. 159035)

MARC details
000 -LEADER
fixed length control field 00382nam a2200133Ia 4500
008 - FIXED-LENGTH DATA ELEMENTS--GENERAL INFORMATION
fixed length control field 230519s9999 xx 000 0 und d
041 ## - LANGUAGE CODE
Language code of text/sound track or separate title eng
082 ## - DEWEY DECIMAL CLASSIFICATION NUMBER
Classification number OG/610.73678/JAC/DB0213
100 ## - MAIN ENTRY--PERSONAL NAME
Personal name Jacob Annamma
245 ## - TITLE STATEMENT
Title Comprehensive Textbook of Midwifery and Gynaecological Nursing
260 ## - PUBLICATION, DISTRIBUTION, ETC. (IMPRINT)
Name of publisher, distributor, etc. Jaypee Brothers
Place of publication, distribution, etc. New Delhi
Date of publication, distribution, etc. 2012
300 ## - PHYSICAL DESCRIPTION
Extent 806p
Holdings
Withdrawn status Lost status Damaged status Not for loan Collection code Home library Current library Date acquired Cost, normal purchase price Bill number Total Checkouts Total Renewals Full call number Barcode Date last seen Date last checked out Bill Date Koha item type Original Barcode
        Gynecology Smt. Bakul Tambat Institute of Nursing Education Smt. Bakul Tambat Institute of Nursing Education 11/12/2013 775.00 3546 9 5 OG 610.73678 JAC DB0213 BTIN-DB-213 30/06/2025 16/06/2025 11/12/2013 Donated Book DB0213